Central Library OPAC University of Rajshahi

Urdu mi fenni sayaekhe nagari ka ertaka / (Record no. 40053)

MARC details
000 -LEADER
fixed length control field 00648nam a2200229 a 4500
001 - CONTROL NUMBER
control field 40053
003 - CONTROL NUMBER IDENTIFIER
rucl marc code BD-RjUL
005 - DATE AND TIME OF LATEST TRANSACTION
control field 20211209053127.0
008 - FIXED-LENGTH DATA ELEMENTS--GENERAL INFORMATION
fixed length control field 160421s1961 Pk ||||| |||| 00| 0 urd d
035 ## - SYSTEM CONTROL NUMBER
System control number (BD-RjUL)40168
040 ## - CATALOGING SOURCE
Original cataloging agency BD-RjUL
Language of cataloging eng
Transcribing agency BD-RjUL
041 ## - LANGUAGE CODE
Language code of text/sound track or separate title urd
082 ## - DEWEY DECIMAL CLASSIFICATION NUMBER
Edition number 23
Classification number 891.439092
Author mark and year FAU 1961
100 ## - MAIN ENTRY--PERSONAL NAME
Personal name Fatima, Anisa Altaf
9 (RLIN) 123348
245 ## - TITLE STATEMENT
Title Urdu mi fenni sayaekhe nagari ka ertaka /
Statement of responsibility, etc. Anisa Altaf Fatima
250 ## - EDITION STATEMENT
Edition statement 1st ed.
260 ## - PUBLICATION, DISTRIBUTION, ETC. (IMPRINT)
Place of publication, distribution, etc. Karachi :
Name of publisher, distributor, etc. Urdu Academu sindh,
Date of publication, distribution, etc. 1961.
300 ## - PHYSICAL DESCRIPTION
Pagination 328 p. ;
Size 18 cm.
500 ## - GENERAL NOTE
General note " text in Urdu"
650 ## - SUBJECT ADDED ENTRY--TOPICAL TERM
Topical term or geographic name as entry element Urdu Literature
General subdivision Biography
9 (RLIN) 122433
942 ## - ADDED ENTRY ELEMENTS (KOHA)
Source of classification or shelving scheme Dewey Decimal Classification
Koha item type Books
Holdings
Lost status Source of classification or shelving scheme Damaged status Not for loan Collection code Permanent Location Current Location Shelving location Date acquired Source of acquisition Cost, normal purchase price Total Checkouts Full call number Date last seen Date checked out Copy number Koha item type
  Dewey Decimal Classification     Non-fiction Central Library, University of Rajshahi Central Library, University of Rajshahi   04/10/1971 S.K. Mubarak Ali, Lahore 5.25 1 U 891.439092 FAU 1961 01/06/2016 26/04/2016 C-2 Books